Víctor Said Armesto e o seu tempo: perspectivas críticas / (Record no. 186734)
[ view plain ]
| 000 -LEADER | |
|---|---|
| campo de control de longitud fija | 01540nam a2200349 i 4500 |
| 001 - NÚMERO DE CONTROL | |
| campo de control | 186734 |
| 003 - IDENTIFICADOR DE NÚMERO DE CONTROL | |
| campo de control | SpMaBN |
| 005 - FECHA Y HORA DE LA ÚLTIMA TRANSACCIÓN | |
| campo de control | 20250905141803.0 |
| 007 - CAMPO FIJO DE DESCRIPCIÓN FÍSICA--INFORMACIÓN GENERAL | |
| campo de control de longitud fija | t| |
| 008 - DATOS DE LONGITUD FIJA--INFORMACIÓN GENERAL | |
| campo de control de longitud fija | 170210s2015 sp ac |||| |dglg |
| 020 ## - NÚMERO INTERNACIONAL ESTÁNDAR DEL LIBRO | |
| Número Internacional Estándar del Libro | 978-84-9752-135-2 |
| 080 ## - NÚMERO DE LA CLASIFICACIÓN DECIMAL UNIVERSAL | |
| Número de la Clasificación Decimal Universal | 821.134.2 Said Armesto, Víctor 1.07 |
| 080 ## - NÚMERO DE LA CLASIFICACIÓN DECIMAL UNIVERSAL | |
| Número de la Clasificación Decimal Universal | 929 Said Armesto, Víctor |
| 245 00 - MENCIÓN DEL TÍTULO | |
| Título | Víctor Said Armesto e o seu tempo: perspectivas críticas / |
| Mención de responsabilidad, etc. | Carlos Villanueva, Justo Beramendi, Carlos García Martínez e Margarita Santos Zas (editores). |
| 260 ## - PUBLICACIÓN, DISTRIBUCIÓN, ETC. | |
| Lugar de publicación, distribución, etc. | [A Coruña] : |
| Nombre del editor, distribuidor, etc. | Fundación Barrié : |
| -- | Museo do Pobo Galego ; |
| Lugar de publicación, distribución, etc. | [Pontevedra] : |
| Nombre del editor, distribuidor, etc. | Deputación de Pontevedra, |
| Fecha de publicación, distribución, etc. | 2015. |
| 300 ## - DESCRIPCIÓN FÍSICA | |
| Extensión | 671 p. : |
| Otras características físicas | il., retr. ; |
| Dimensiones | 24 cm. |
| 500 ## - NOTA GENERAL | |
| Nota general | Índice onomástico. |
| 504 ## - NOTA DE BIBLIOGRAFÍA, ETC. | |
| Nota de bibliografía, etc. | Referencias bibliográficas. |
| 505 8# - NOTA DE CONTENIDO CON FORMATO | |
| Nota de contenido con formato | Contiene referencias al Ateneo (p. ej., en solapa: "... a biblioteca do Ateneo... directivo da tribuna literaria do Ateneo") |
| 546 ## - NOTA DE IDIOMA | |
| Nota de lengua/lenguaje | Textos en gallego y castellano. |
| 600 14 - PUNTO DE ACCESO ADICIONAL DE MATERIA--NOMBRE DE PERSONA | |
| Nombre de persona | Said Armesto, Víctor, |
| Fechas asociadas al nombre | 1871-1914 |
| 9 (RLIN) | 101488 |
| 700 1# - ENTRADA AGREGADA--NOMBRE PERSONAL | |
| Nombre de persona | Villanueva, Carlos, |
| Fechas asociadas al nombre | 1949- |
| 9 (RLIN) | 115016 |
| 700 1# - ENTRADA AGREGADA--NOMBRE PERSONAL | |
| Nombre de persona | Beramendi, Justo G. |
| 9 (RLIN) | 27820 |
| 700 1# - ENTRADA AGREGADA--NOMBRE PERSONAL | |
| Nombre de persona | Santos Zas, Margarita. |
| 9 (RLIN) | 153564 |
| 710 2# - ENTRADA AGREGADA--NOMBRE DE ENTIDAD CORPORATIVA | |
| Nombre de entidad corporativa o nombre de jurisdicción como elemento de entrada | Fundación Pedro Barrié de la Maza, Conde de Fenosa |
| 9 (RLIN) | 176439 |
| 710 2# - ENTRADA AGREGADA--NOMBRE DE ENTIDAD CORPORATIVA | |
| Nombre de entidad corporativa o nombre de jurisdicción como elemento de entrada | Museo do Pobo Galego. |
| 9 (RLIN) | 5874 |
| 852 ## - LOCALIZACIÓN | |
| Ubicación | ES-MaACL |
| Número de control de estantería | A-14017 |
| itemnumber | 193791 |
| Sublocalización o colección | R.151343 |
| Ubicación en estantería | Depósito 1 |
| Signatura antigua | Olim: N-7017 |
| Donativo/Legado | Donación: Real Academia Española |
| 914 ## - NOMBRE ENTIDAD DE DONANTE | |
| RLIN | 6336 |
| Nombre de congreso/reunión o jurisdicción como elemento de entrada | Real Academia Española |
| Unidad subordinada | Donante |
| 942 ## - ELEMENTOS DE ENTRADA SECUNDARIOS (KOHA) | |
| Fuente del sistema de clasificación o colocación | Clasificación decimal universal |
| Tipo de ítem Koha | Libro impreso |
| Estatus retirado | Estado de pérdida | Fuente del sistema de clasificación o colocación | Estado de daño | No para préstamo | Biblioteca de origen | Biblioteca actual | Ubicación en estantería | Fecha de adquisición | Total de préstamos | Signatura topográfica completa | Código de barras | Visto por última vez | Precio de reemplazo | Tipo de ítem Koha |
|---|---|---|---|---|---|---|---|---|---|---|---|---|---|---|
| Clasificación decimal universal | Biblioteca del Ateneo de Madrid | Biblioteca del Ateneo de Madrid | Depósito 1 | 10/02/2017 | A-14017 | 1196968 | 23/02/2023 | 23/02/2023 | Libro impreso |
